|
|
|
|
| LEADER |
00000nam0a2200000 4500 |
| 001 |
344671 |
| 005 |
20231102005705.0 |
| 010 |
|
|
|a 9785971042662
|
| 035 |
|
|
|a (RuTPU)RU\TPU\book\376344
|
| 035 |
|
|
|a RU\TPU\book\376343
|
| 090 |
|
|
|a 344671
|
| 100 |
|
|
|a 20200325d2017 k y0rusy50 ca
|
| 101 |
0 |
|
|a rus
|
| 102 |
|
|
|a RU
|
| 105 |
|
|
|a a z 111zb
|
| 200 |
1 |
|
|a Система "Планета Земля": 120 лет со дня рождения и 75 лет со дня гибели Юрия Васильевича Кондратюка (Александра Игнатьевича Шаргея) (1897-1942)
|e доклады XXIY заседания Всероссийского междисциплинарного семинара-конференции, 2-4 февраля 2016 г., г. Москва
|f Московский государственный университет им. М. В. Ломоносова (МГУ), Геологический факультет [и др.] ; ред.-сост. А. Е. Фёдоров
|
| 210 |
|
|
|a Москва
|c ЛЕНАНД
|d 2017
|
| 215 |
|
|
|a 528 с.
|c ил.
|
| 320 |
|
|
|a Библиография в конце докладов
|
| 600 |
|
1 |
|a Кондратюк
|b Ю. В.
|c специалист в области космонавтики и ракетной техники
|g Юрий Васильевич
|c настоящее имя Александр Игнатьевич Шаргей
|f 1897-1942
|2 stltpush
|3 (RuTPU)RU\TPU\pers\8881
|
| 606 |
1 |
|
|a Метагеология
|2 stltpush
|3 (RuTPU)RU\TPU\subj\42276
|9 61956
|
| 610 |
1 |
|
|a естествознание
|
| 610 |
1 |
|
|a Земля
|
| 610 |
1 |
|
|a космос
|
| 610 |
1 |
|
|a тектоника
|
| 610 |
1 |
|
|a люди
|
| 610 |
1 |
|
|a человек
|
| 610 |
1 |
|
|a биологические процессы
|
| 610 |
1 |
|
|a физические процессы
|
| 610 |
1 |
|
|a химические процессы
|
| 610 |
1 |
|
|a геодинамика
|
| 610 |
1 |
|
|a русская культура
|
| 610 |
1 |
|
|a индийская культура
|
| 610 |
1 |
|
|a научное знание
|
| 610 |
1 |
|
|a история
|
| 610 |
1 |
|
|a методология
|
| 610 |
1 |
|
|a семинары
|
| 610 |
1 |
|
|a конференции
|
| 675 |
|
|
|a 55.001
|v 3
|
| 702 |
|
1 |
|a Фёдоров
|b А. Е.
|4 340
|4 220
|
| 712 |
0 |
2 |
|a Московский государственный университет им. М. В. Ломоносова (МГУ)
|b Геологический факультет
|2 stltpush
|3 (RuTPU)RU\TPU\col\7
|
| 712 |
0 |
2 |
|a Гармония строения Земли и планет (ГСЗП)
|c Региональная общественная организация
|2 stltpush
|3 (RuTPU)RU\TPU\col\13675
|
| 712 |
0 |
2 |
|a Московское общество испытателей природы (МОИП)
|b Секция петрографии
|c (1917- )
|2 stltpush
|3 (RuTPU)RU\TPU\col\7762
|
| 712 |
1 |
2 |
|a Система "Планета Земля"
|c семинар-конференция
|d 24
|e Москва
|f 2016
|4 570
|
| 801 |
|
1 |
|a RU
|b 63413507
|c 20110111
|
| 801 |
|
2 |
|a RU
|b 63413507
|c 20200724
|g RCR
|
| 942 |
|
|
|c BK
|